Normal view MARC view

Entry Personal Name

Number of records used in: 1

001 - CONTROL NUMBER

  • control field: 23712

003 - CONTROL NUMBER IDENTIFIER

  • control field: OSt

005 - DATE AND TIME OF LATEST TRANSACTION

  • control field: 20230524201350.0

008 - FIXED-LENGTH DATA ELEMENTS

  • fixed length control field: 230524|| aca||aabn | a|a d

040 ## - CATALOGING SOURCE

  • Original cataloging agency: OSt
  • Transcribing agency: OSt

100 ## - HEADING--PERSONAL NAME

  • Personal name: " Matthew N.Levy,Bruce M.Koeppan,Bruce A.Stanton,,"

670 ## - SOURCE DATA FOUND

  • Source citation: Work cat.: (OSt)35252: Robert M.Berne 23711, Physiology, 2003
Trident Academy of Technology © 2023.
All rights reserved.                                                                                                                                                                                                        Designed by Team of Central Library .

Powered by Koha